000 00439nam a2200157 a 4500
005 20140412111302.0
008 001120s19uu xx 00 eng d
020 _a0-7105-0641-4
050 _aER
_bIc2
100 _aMills, Angela
245 _aIce and lullabies /
_cAngela and Pat Mills ; illustrated by Angela Mills.
260 _aBurlington :
_bPeter Haddock Ltd.
300 _a1 v. (unp.)
650 _aFairy tales
999 _c103492
_d103492